Marvel Comics Slideshow: I Quiz Stats

 Plays Quiz not verified by Sporcle

Challenge
Share
Tweet
Score 0/31 Timer 12:00
0 Plays Today
% Correct
Iron Man
99.8%
Iceman
97%
Invisible Woman
96.8%
Iron Fist
91.1%
Iron Patriot
83.6%
Iron Monger
67.4%
Impossible Man
64%
Icarus
63.3%
Iguana
55.8%
Invaders
51%
Isis
44.9%
Immortus
43.1%
In-Betweener
36.7%
Imperial Guard
35.1%
Ikaris
32.3%
Ink
31.2%
% Correct
Ironclad
26%
Iron Man 2020
25.7%
Illyana Rasputin
21.9%
Infinity
19.1%
Iron Maiden
17.3%
It! The Living Colossus
17.1%
Illusion
16.6%
Inertia
15.9%
ISAAC
14.8%
Interloper
14.6%
Infectia
14.1%
Ikonn
11.8%
Impala
9.8%
Ion
8.7%
Imp
7.1%

You're not logged in!

Compare scores with friends on all Sporcle quizzes.
OR
Log In

You Might Also Like...

Show Comments

Extras

Top Quizzes Today


Score Distribution

Your Account Isn't Verified!

In order to create a playlist on Sporcle, you need to verify the email address you used during registration. Go to your Sporcle Settings to finish the process.

Report this User

Report this user for behavior that violates our Community Guidelines.

Details: